[Event "It"]
[Site "masterchessopen.com Habana (Cuba)"]
[Round "0"]
[White "Reshevsky Samuel H (USA)"]
[Black "Jimenez Eleazar (CUB)"]
[Result "1-0"]
[WhiteElo "2430"]
[BlackElo "2365"]

1.d4 Nf6 2.c4 e6 3.Nc3 Bb4 4.e3 O-O 5.Ne2 d5 6.a3 Be7 7.cxd5 exd5 8.Ng3 Re8
9.b4 c6 10.Bd3 g6 11.O-O Bd6 12.f3 Qc7 13.Nce2 h5 14.e4 h4 15.Bg5 hxg3 16.Bxf6
gxh2+ 17.Kh1 Nd7 18.Bh4 Nf8 19.e5 Be7 20.Be1 Ne6 21.f4 Ng7 22.Ng3 Bf8 23.Ra2
Re6 24.f5 gxf5 25.Nxf5 Rg6 26.g4 a5 27.Rxh2 Ne8 28.Qf3 Bg7 29.Qh3 Kf8 30.Bd2
{#r} 1-0

[Event "Match"]
[Site "masterchessopen.com New York (USA)"]
[Round "6"]
[White "Reshevsky Samuel H (USA)"]
[Black "Lombardy William J (USA)"]
[Result "1-0"]
[WhiteElo "2430"]
[BlackElo "2435"]

1.c4 Nf6 2.d4 e6 3.Nc3 Bb4 4.e3 O-O 5.Ne2 d5 6.a3 Be7 7.cxd5 exd5 8.b4 Re8
9.Ng3 Nbd7 10.Bd3 c6 11.b5 c5 12.O-O b6 13.Bd2 Bf8 14.a4 a5 15.bxa6 Bxa6
16.Nb5 Ne4 17.Nxe4 dxe4 18.Bc4 Qh4 19.Qb3 Qh5 20.h3 Rac8 21.Rfc1 Rc6 22.Be1
Rd8 23.Rd1 Bxb5 24.axb5 Rd6 25.Ra7 Ne5 26.dxe5 Qxd1 27.exd6 Qxe1+ 28.Bf1 Kh8
29.Qxf7 Qd1 30.d7 Qd6 31.g3 h6 32.Bc4 Kh7 33.Qe8 Be7 34.Bg8+ Kh8 35.Bd5+ {#r}
1-0

[Event "Ch URS (1/2 final)"]
[Site "masterchessopen.com Tbilisi (Georgia)"]
[Round "0"]
[White "Antoshin Vladimir S (RUS)"]
[Black "Korchnoi Viktor (SUI)"]
[Result "1-0"]
[WhiteElo "2250"]
[BlackElo "2556"]

1.d4 Nf6 2.c4 e6 3.Nc3 Bb4 4.e3 O-O 5.Ne2 d5 6.a3 Be7 7.cxd5 exd5 8.Nf4 c6
9.Bd3 a5 10.O-O Ne8 ( { ? } 10...Re8 { = } ) 11.Kh1 g6 12.f3 Ng7 13.Qe1 f5
14.Bd2 Bf6 15.Rd1 Nd7 16.e4 Bxd4 17.exd5 Re8 18.Qg3 Ne5 19.Bc2 Nf7 20.dxc6
bxc6 21.Rfe1 Rxe1+ ( 21...g5 { !? } ) 22.Qxe1 Qc7 23.Be3 Be5 24.Nd3 Bd6 25.Bc5
Rb8 ( 25...Bxh2 26.f4 Bxf4 27.Nxf4 Qxf4 28.Bb3 { +?? } ) 26.Bxd6 Nxd6 27.Nc5
Kf8 28.Qh4 Nge8 29.Bb3 Qe7 30.Qd4 Qg7 31.Qa4 Qc7 32.h3 Nb5 33.Qc4 Nf6 34.Nd7+
Kg7 35.Qf7+ Kh6 36.Qf8+ {#r} 1-0

[Event "Olympiad"]
[Site "masterchessopen.com Moscow (Russia)"]
[Date "1956.09.17"]
[Round "7"]
[White "Ghitescu Teodor (ROM)"]
[Black "Karaklajic Nikola (YUG)"]
[Result "1-0"]
[WhiteElo "2384"]
[BlackElo "2303"]

1.d4 Nf6 2.c4 e6 3.Nc3 Bb4 4.e3 O-O 5.Ne2 d5 6.a3 Bd6 7.c5 Be7 8.f4 b6 9.b4
Bb7 10.g3 Ne4 11.Nxe4 dxe4 12.Bb2 Bd5 13.Nc3 f5 14.Qc2 a5 15.Be2 axb4 16.axb4
Rxa1+ 17.Bxa1 c6 18.O-O b5 19.Nxd5 Qxd5 20.Bc3 g5 21.Ra1 gxf4 22.gxf4 Qd7
23.Kh1 Bf6 24.Qb2 Qe7 25.Bd1 Nd7 26.Bb3 Kh8 27.Ra7 Rg8 28.d5 Qg7 29.Bxf6 Qxf6
30.Qxf6+ Nxf6 31.dxc6 Ng4 32.h3 Nxe3 33.Bxe6 {#r} 1-0

[Event "Olympiad (students) (team)"]
[Site "masterchessopen.com Reykjavik (Iceland)"]
[Round "12"]
[White "Mititelu Gheorghe (ROM)"]
[Black "Lahti Jouko (FIN)"]
[Result "0-1"]
[WhiteElo "2300"]
[BlackElo "2015"]

1.d4 Nf6 2.c4 e6 3.Nc3 Bb4 4.e3 O-O 5.Ne2 d5 6.a3 Be7 7.cxd5 exd5 8.b4 c6
9.Ng3 Re8 10.Bd3 Nbd7 11.O-O Bf8 12.Qc2 g6 13.Bb2 Bg7 14.Qb3 Ng4 15.h3 Ngf6
16.b5 Nf8 17.bxc6 bxc6 18.Na4 Qd6 19.Rfd1 Rxe3 20.fxe3 Qxg3 21.Qc2 Bh6 22.Re1
Bxe3+ 23.Kf1 Ng4 24.hxg4 Qf4+ {#R} 0-1

[Event "?"]
[Site "masterchessopen.com San Nikolas (Argentina)"]
[Round "0"]
[White "Eliskases Erich G (AUT)"]
[Black "Espinosa Rafael Mex (MEX)"]
[Result "1-0"]
[WhiteElo "2430"]
[BlackElo "2403"]

1.d4 Nf6 2.c4 e6 3.Nc3 Bb4 4.e3 O-O 5.Ne2 d5 6.a3 Be7 7.cxd5 exd5 8.g3 c6
9.Bg2 Nbd7 10.O-O Nb6 11.f3 a5 12.e4 dxe4 13.fxe4 Bg4 14.h3 Be6 15.a4 Qd7
16.Kh2 Kh8 17.b3 Rad8 18.Be3 Nc8 19.Nf4 Bb4 20.Na2 Qe7 21.Nxb4 Qxb4 22.Nxe6
fxe6 23.Qc2 Qe7 24.Qc3 Qc7 25.Bf4 Qb6 26.Rad1 Ne7 27.Qc5 Qxc5 28.dxc5 Ng6
29.Bd6 Rfe8 30.e5 Nd5 31.Rf7 Nde7 32.Rdf1 Kg8 33.h4 Rf8 34.Rxf8+ Rxf8 35.h5
{#r} 1-0

[Event "It"]
[Site "masterchessopen.com Marianske Lazne (Czech Republic)"]
[Round "0"]
[White "Polugaevsky Lev A (RUS)"]
[Black "Herink Miroslav (CZE)"]
[Result "1-0"]
[WhiteElo "2585"]
[BlackElo "2071"]

1.d4 Nf6 2.c4 e6 3.Nc3 Bb4 4.e3 O-O 5.Ne2 d5 6.a3 Be7 7.cxd5 exd5 8.Nf4 c6
9.Bd3 a5 10.O-O Na6 11.Rb1 Nc7 12.b4 axb4 13.axb4 Ne6 14.Nfe2 Bd6 15.f3 Qc7
16.h3 Qe7 17.Bd2 Ng5 18.Qe1 Bc7 { ? } 19.e4 dxe4 20.fxe4 Ngxe4 { ? } 21.Nxe4
Nxe4 22.Nc3 f5 ( 22...Qd6 23.Qxe4 Qh2+ 24.Kf2 Bg3+ ( 24...Qg3+ 25.Ke2 ) 25.Kf3
f5 26.Qf4 { ! } ) 23.Nxe4 fxe4 24.Bc4+ { ! } 24...Kh8 ( 24...Be6 25.Qxe4 Rfe8
26.Rfe1 Qd6 27.Bxe6+ Kh8 28.Re3 { ! } 28...Qh2+ 29.Kf2 Rf8+ 30.Rf3 Bg3+ 31.Ke3
Ra3+ 32.Bb3 { +?? } ) 25.Qxe4 Bd6 26.Rxf8+ Qxf8 27.Rf1 Qe7 ( 27...Qd8 28.Bg5
Qe7 29.Bd3 g6 30.Bf6+ Kg8 31.Bc4+ { +?? } ) 28.Qxe7 Bxe7 29.Re1 {#r} 1-0

[Event "It"]
[Site "masterchessopen.com Marianske Lazne (Czech Republic)"]
[Round "2"]
[White "Polugaevsky Lev A (RUS)"]
[Black "Herink Miroslav (CZE)"]
[Result "1-0"]
[WhiteElo "2585"]
[BlackElo "2071"]

1.d4 Nf6 2.c4 e6 3.Nc3 Bb4 4.e3 O-O 5.Ne2 d5 6.a3 Be7 7.cxd5 exd5 8.Nf4 c6
9.Bd3 a5 10.O-O Na6 11.Rb1 Nc7 12.b4 axb4 13.axb4 Ne6 14.Nfe2 Bd6 15.f3 Qc7
16.h3 Qe7 17.Bd2 Ng5 18.Qe1 Bc7 19.e4 dxe4 20.fxe4 Nfxe4 21.Nxe4 Nxe4 22.Nc3
f5 23.Nxe4 fxe4 24.Bc4+ Kh8 25.Qxe4 Bd6 26.Rxf8+ Qxf8 27.Rf1 Qe7 28.Qxe7 Bxe7
29.Re1 {#r} 1-0

[Event "Ch Argentina"]
[Site "masterchessopen.com Buenos Aires (Argentina)"]
[Round "5"]
[White "Incutto Carlos"]
[Black "Eliskases Erich G (AUT)"]
[Result "0-1"]
[WhiteElo "2200"]
[BlackElo "2430"]

1.d4 Nf6 2.c4 e6 3.Nc3 Bb4 4.e3 O-O 5.Ne2 d5 6.a3 Be7 7.Nf4 c6 8.Bd3 Nbd7
9.cxd5 exd5 10.g4 Nb6 11.Rg1 Re8 12.g5 Ne4 13.h4 Bf5 14.Qc2 Bd6 15.Nce2 Qd7
16.Nh5 Bg4 17.Neg3 Bxh5 18.Nxh5 Qh3 19.Bxe4 Rxe4 20.Ng3 Bxg3 21.Rxg3 Qxh4
22.b3 Rae8 23.Bb2 Rxe3+ 24.Rxe3 Rxe3+ {#R} 0-1

[Event "Olympiad"]
[Site "masterchessopen.com Tel Aviv (Israel)"]
[Round "10"]
[White "Vranesic Zvonko (CAN)"]
[Black "Lengyel Levente (HUN)"]
[Result "0-1"]
[WhiteElo "2320"]
[BlackElo "2293"]

1.d4 Nf6 2.c4 e6 3.Nc3 Bb4 4.e3 O-O 5.Ne2 d5 6.a3 Be7 7.Ng3 c5 8.dxc5 Bxc5
9.b4 Bd6 10.Bb2 Nc6 11.Be2 a5 12.b5 Ne5 13.c5 Bxc5 14.Nxd5 Qxd5 15.Qxd5 Nxd5
16.Bxe5 f6 17.Bb2 Bd7 18.Rc1 Rfc8 19.O-O a4 20.Rfd1 Be8 21.Ne4 Be7 22.Bc4 Bf7
23.Ba2 Kf8 24.Ng3 Nb6 25.Ne4 e5 26.Bxf7 Kxf7 27.Rxc8 Rxc8 28.Kf1 Ke6 29.Ke2
Ra8 30.Rc1 Ra5 31.Nc5+ Kf7 32.Bc3 Rxb5 33.Bb4 Nd5 34.Nd3 e4 35.Nf4 Nxb4 36.Rb1
Na2 {#R} 0-1

[Event "Ch Denmark"]
[Site "masterchessopen.com Aarhus (Denmark)"]
[Round "11"]
[White "Hamann Svend (DEN)"]
[Black "Nielsen Jorgen G (DEN)"]
[Result "1-0"]
[WhiteElo "2298"]
[BlackElo "2161"]

1.d4 Nf6 2.c4 e6 3.Nc3 Bb4 4.e3 O-O 5.Ne2 c5 6.a3 cxd4 7.axb4 dxc3 8.Nxc3 Nc6
9.b5 Ne5 10.Qd4 Ng6 11.Be2 d5 12.cxd5 Nxd5 13.Rxa7 e5 14.Qc5 Rxa7 15.Qxa7 Qg5
16.g3 Bh3 17.f3 Nxc3 18.bxc3 e4 19.f4 Qh6 20.Kf2 Nh4 21.Ba3 Re8 22.Qxb7 Bg2
23.Rg1 Bf3 24.Qc6 Qxc6 25.bxc6 {#r} 1-0

[Event "Olympiad"]
[Site "masterchessopen.com Habana (Cuba)"]
[Round "0"]
[White "Addison Wiliam G (USA)"]
[Black "Kostro Jerzy (POL)"]
[Result "1-0"]
[WhiteElo "2490"]
[BlackElo "2305"]

1.d4 Nf6 2.c4 e6 3.Nc3 Bb4 4.e3 O-O 5.Ne2 d5 6.a3 Be7 7.cxd5 Nxd5 8.e4 Nxc3
9.Nxc3 c5 10.d5 exd5 11.Nxd5 Nc6 12.Bc4 Bd6 13.O-O Qh4 14.f4 Bg4 15.Qd3 Nd4
16.Rf2 Rae8 17.Be3 Rxe4 18.Qxe4 Bf5 19.g3 {#r} 1-0

[Event "Olympiad"]
[Site "masterchessopen.com Habana (Cuba)"]
[Round "0"]
[White "Brinck-Claussen Bjorn (DEN)"]
[Black "Boutteville Cesar (FRA)"]
[Result "1-0"]
[WhiteElo "2263"]
[BlackElo "2078"]

1.d4 Nf6 2.c4 e6 3.Nc3 Bb4 4.e3 O-O 5.Ne2 d5 6.a3 Be7 7.cxd5 exd5 8.g3 c6
9.Bg2 Bf5 10.O-O Nbd7 11.f3 Nb6 12.Nf4 c5 13.g4 cxd4 14.Qxd4 Be6 15.b3 Qc7
16.Bb2 Bc5 17.Nxe6 fxe6 18.Qd3 Qf4 19.Rae1 Qh6 20.Nb5 a6 21.Nd4 Rae8 22.h3 Qh4
23.f4 Bd6 24.g5 Nh5 25.Qd1 Ng3 26.Nf3 Qh5 27.Qd4 Rf7 28.Qxb6 Bc7 29.Qd4 Nxf1
30.Rxf1 Qg6 31.Ne5 Bxe5 32.Qxe5 Rfe7 33.Bf3 h5 34.e4 dxe4 35.Bxe4 Qf7 36.g6
{#r} 1-0

[Event "Memorial I.Lipnitsky"]
[Site "masterchessopen.com Alushta (Ukraine)"]
[Round "0"]
[White "Zurakhov Vladlen Y (RUS)"]
[Black "Zaltsman Vitaly F (USA)"]
[Result "0-1"]
[WhiteElo "2415"]
[BlackElo "2445"]

1.c4 Nf6 2.d4 e6 3.Nc3 Bb4 4.e3 O-O 5.Ne2 d5 6.a3 Be7 7.cxd5 exd5 8.g3 Nbd7
9.Bg2 Nb6 10.O-O Bf5 11.f3 c5 12.g4 Bd7 13.dxc5 Bxc5 14.b4 Bd6 15.g5 Ne8 16.f4
Nc7 17.e4 a5 18.bxa5 Rxa5 19.exd5 Bg4 20.Qb3 Ncxd5 21.Bd2 Nxc3 22.Bxc3 Ra4
23.Ng3 Rxf4 24.Ne4 Rxf1+ 25.Rxf1 Be6 26.Qb1 Na4 27.Bxg7 Kxg7 28.Rd1 Nc3
29.Nxc3 Qxg5 30.Ne4 Qe3+ 31.Kh1 Be5 32.Qb5 f6 33.Nc5 Bg4 34.Rb1 Qf4 35.Kg1
Qxh2+ 36.Kf1 Qf4+ {#R} 0-1

[Event "Match"]
[Site "masterchessopen.com ?"]
[Round "0"]
[White "Chaplinsky Edgar (RUS)"]
[Black "Gusev Yuri S (RUS)"]
[Result "1-0"]
[WhiteElo "2249"]
[BlackElo "2338"]

1.d4 Nf6 2.c4 e6 3.Nc3 Bb4 4.e3 O-O 5.Ne2 e5 6.dxe5 Ng4 7.a3 Bxc3+ 8.Nxc3 Nxe5
9.Be2 d6 10.O-O Be6 11.b3 f5 12.f4 Nec6 13.Bb2 Nd7 14.e4 Qf6 15.exf5 Bxf5
16.Rf2 Rae8 17.Bh5 Bg6 18.Nd5 Qf7 19.Bxg6 Qxg6 20.Rf3 Qh5 21.Bxg7 Kxg7 22.Rg3+
Kh6 23.Rh3 Qxh3 24.gxh3 Re6 25.Qd2 Rg8+ 26.Kh1 Re4 27.f5+ Kh5 28.Nf4+ Kh6
29.Ne6+ Kh5 30.Nf4+ Kh6 31.Ne6+ Kh5 32.Rg1 Rxg1+ 33.Kxg1 Rxe6 34.fxe6 Nde5
35.Qf4 {#r} 1-0

[Event "Olympiad"]
[Site "masterchessopen.com Lugano (Switzerland)"]
[Round "6"]
[White "Ojanen Kaarle S (FIN)"]
[Black "Siaperas Triantafyllos (GRE)"]
[Result "1-0"]
[WhiteElo "2335"]
[BlackElo "2385"]

1.d4 Nf6 2.c4 e6 3.Nc3 Bb4 4.e3 O-O 5.Ne2 d5 6.a3 Be7 7.cxd5 Nxd5 8.g3 b6
9.Bg2 Bb7 10.Nxd5 Bxd5 11.e4 Bb7 12.Be3 Nd7 13.O-O c5 14.d5 exd5 15.exd5 Bf6
16.Qc2 Re8 17.Rad1 Ne5 18.Bc1 Qd7 19.Nc3 Rad8 20.Ne4 Qf5 21.f4 Ng6 22.Nxf6+
Qxf6 23.b3 Rd6 24.Bb2 Qd8 25.Rd2 Re3 26.Kf2 Qe8 27.Qc4 Qe7 28.b4 cxb4 29.Qd4
Rc3 30.axb4 {#r} 1-0

[Event "Tournament"]
[Site "masterchessopen.com Riga (Latvia)"]
[Round "0"]
[White "Beliavsky Alexander G (SLO)"]
[Black "Vitolins Alvis (LAT)"]
[Result "1-0"]
[WhiteElo "2616"]
[BlackElo "2435"]

1.d4 Nf6 2.c4 e6 3.Nc3 Bb4 4.e3 O-O 5.Ne2 d5 6.a3 Be7 7.Ng3 c5 8.cxd5 cxd4
9.exd4 Nxd5 10.Bc4 Nxc3 ( { ? } 10...Nc6 ) ( 10...Nb6 { !? } 11.Ba2 Nc6 )
11.bxc3 Qc7 12.Qd3 b6 13.O-O Bb7 14.Ba2 Rc8 15.c4 Nc6 16.d5 Bf6 17.Rb1 Ne5
18.Qe2 exd5 ( 18...Nxc4 19.dxe6 fxe6 20.Qxe6+ { ± } ) 19.cxd5 a5 20.Rd1 Ba6
21.Qe4 Nd3 22.Be3 Qd6 23.Rxb6 ( 23.Rxd3 { ? } 23...Re8 24.Qf5 g6 ) 23...Qxa3
24.Bb1 Re8 25.Rxa6 {#r} 1-0

[Event "Ch Leningrad"]
[Site "masterchessopen.com Leningrad (Russia)"]
[Round "0"]
[White "Ljavdansky Vladimir (RUS)"]
[Black "Ruban Evgeny (BLR)"]
[Result "1-0"]
[WhiteElo "2299"]
[BlackElo "2545"]

1.d4 Nf6 2.c4 e6 3.Nc3 Bb4 4.e3 O-O 5.Ne2 d6 6.a3 Bxc3+ 7.Nxc3 e5 8.Be2 Nc6
9.O-O h6 10.b4 exd4 11.exd4 Re8 12.Bf3 Bf5 13.Bb2 Ne4 14.Bxe4 Bxe4 15.d5 Nb8
16.Qd4 Bg6 17.Rae1 f6 18.Rxe8+ Bxe8 19.Re1 Nd7 20.f4 Bf7 21.Re3 c5 22.dxc6
bxc6 23.Ne4 d5 24.cxd5 cxd5 25.Nd6 Nb6 26.Nf5 Bg6 27.Ne7+ Kh7 28.Nxg6 Kxg6
29.Qd3+ Kf7 30.Rg3 Qe7 31.Qg6+ Kf8 32.h4 Qf7 33.Qh7 Nd7 34.Bd4 a6 35.b5 axb5
36.Bc3 {#r} 1-0

[Event "It (open)"]
[Site "masterchessopen.com USA"]
[Round "3"]
[White "Batchelder Wiliam (USA)"]
[Black "Bisguier Arthur B (USA)"]
[Result "0-1"]
[WhiteElo "2240"]
[BlackElo "2237"]

1.d4 Nf6 2.c4 e6 3.Nc3 Bb4 4.e3 O-O 5.Ne2 d5 6.a3 Bd6 7.c5 Be7 8.Ng3 b6 9.b4
a5 10.Bb2 axb4 11.axb4 Rxa1 12.Qxa1 bxc5 13.dxc5 e5 14.Na2 d4 15.exd4 exd4
16.Bc4 Nc6 17.O-O Ng4 18.Bb5 Bb7 19.Qd1 Qd7 20.Nc1 Nge5 21.Nce2 Qd5 22.Nf4 Qa2
23.Bxc6 Nxc6 24.Bxd4 Rd8 25.Qa1 Qc4 26.Be3 Bf6 27.Qb1 Qxb4 28.Qxb4 Nxb4 29.Rb1
Ba6 30.h3 Nc2 31.Ne4 Be5 32.Bd2 Na3 33.Re1 Nc2 34.Rb1 h6 35.Rc1 Nd4 36.Kh1 Nb3
{#R} 0-1

[Event "Ch Europe (team)"]
[Site "masterchessopen.com Kapfenberg (Austria)"]
[Round "0"]
[White "Hvenekilde Jorgen (DEN)"]
[Black "Blatny Frantisek (CZE)"]
[Result "0-1"]
[WhiteElo "2075"]
[BlackElo "2112"]

1.d4 e6 2.c4 Nf6 3.Nc3 Bb4 4.e3 O-O 5.Ne2 d5 6.a3 Be7 7.Ng3 Nbd7 8.cxd5 exd5
9.Bd3 Re8 10.O-O c6 11.Bd2 Nf8 12.b4 Ng6 13.f3 Bd6 14.Nce2 Be6 15.Qe1 Bc7
16.Kh1 Qd6 17.e4 dxe4 18.fxe4 Ng4 19.Bc2 Rad8 20.Rd1 Bc4 21.e5 Qe7 22.Nf5 Qe6
23.h3 N4xe5 24.dxe5 Qxe5 25.Neg3 Qb2 26.Bc3 Qxc2 27.Rxd8 Rxd8 28.Nh5 Bxf1
29.Nh6+ gxh6 30.Nf6+ Kg7 31.Nd7+ f6 {#R} 0-1

[Event "Olympiad"]
[Site "masterchessopen.com Siegen (Germany)"]
[Round "7"]
[White "Sollars Claude H (MLT)"]
[Black "Diaz Joaquin C (CUB)"]
[Result "0-1"]
[WhiteElo "2120"]
[BlackElo "2327"]

1.d4 Nf6 2.c4 e6 3.Nc3 Bb4 4.e3 O-O 5.Ne2 Ne4 6.Qc2 f5 7.a3 Bxc3+ 8.Nxc3 Qf6
9.Bd3 Nxc3 10.Qxc3 c5 11.Bd2 cxd4 12.Qxd4 Qxd4 13.exd4 Nc6 14.Bc3 d5 15.c5 e5
16.dxe5 d4 17.Bc4+ Kh8 18.Bd2 Nxe5 19.Be2 f4 20.O-O-O Be6 21.Ba5 Bb3 22.Rd2
Rfc8 23.Kb1 Rxc5 24.Bb4 Rd5 25.Bf3 Nxf3 26.gxf3 a5 27.Be7 Re8 {#R} 0-1

[Event "It"]
[Site "masterchessopen.com Goteborg (Sweden)"]
[Round "4"]
[White "Szabo Laszlo (HUN)"]
[Black "Kinnmark Ove (SWE)"]
[Result "0-1"]
[WhiteElo "1903"]
[BlackElo "2410"]

1.d4 Nf6 2.c4 e6 3.Nc3 Bb4 4.e3 O-O 5.Ne2 d5 6.a3 Be7 7.Nf4 c6 8.Bd3 Re8 9.O-O
Nbd7 10.b4 Bd6 11.Bb2 dxc4 12.Bxc4 e5 13.dxe5 Nxe5 14.Be2 Qe7 15.h3 Ng6
16.Nxg6 hxg6 17.Na4 Bf5 18.Bd4 Ne4 19.f4 b5 20.Nb2 a5 21.g4 Bd7 22.Nd3 axb4
23.axb4 Rxa1 24.Bxa1 Be6 25.Bf3 Bc4 26.Bd4 Bxd3 27.Qxd3 Bxb4 28.Rc1 c5 29.Be5
Nd2 30.Bd5 Rd8 31.Qxg6 Nf3+ {#R} 0-1

[Event "Ch Czechoslovakia"]
[Site "masterchessopen.com Luhacovice (Czech Republic)"]
[Round "8"]
[White "Hort Vlastimil (GER)"]
[Black "Kostro Jerzy (POL)"]
[Result "1-0"]
[WhiteElo "2605"]
[BlackElo "2385"]

1.c4 Nf6 2.Nc3 e6 3.d4 Bb4 4.e3 O-O 5.Ne2 d5 6.a3 Be7 7.Nf4 dxc4 8.Bxc4 Nc6
9.Nd3 a6 10.O-O Qd6 11.Qe2 e5 12.d5 Nb8 13.e4 c6 14.Be3 cxd5 15.Nxd5 Nxd5
16.Bxd5 Nc6 17.Bc5 Qf6 18.Bxc6 bxc6 19.Rac1 Re8 20.Bxe7 Rxe7 21.Nc5 a5 22.Rfd1
Re8 23.Rd2 Qe7 24.Qc4 h6 25.Rcd1 Rb8 26.Qc3 Rb5 27.Rd6 Bb7 28.a4 {#r} 1-0

[Event "Memorial Asztalos"]
[Site "masterchessopen.com Baja (Hungary)"]
[Round "14"]
[White "Minev Nikolay N (USA)"]
[Black "Tompa Janos (HUN)"]
[Result "1-0"]
[WhiteElo "2455"]
[BlackElo "2398"]

1.d4 Nf6 2.c4 e6 3.Nc3 Bb4 4.e3 O-O 5.Ne2 d5 6.a3 Bd6 7.Ng3 Re8 8.c5 Bf8 9.f4
b6 10.b4 a5 11.Bd2 axb4 12.axb4 Rxa1 13.Qxa1 Ng4 14.Bd3 f5 15.h3 Nf6 16.O-O
Ne4 17.Ncxe4 fxe4 18.Be2 c6 19.Qa7 Nd7 20.Qa8 Qc7 21.Ra1 Nf6 22.Ra7 Bd7
23.Rxc7 Rxa8 24.cxb6 Rb8 25.Nh5 Be8 26.Nxf6+ gxf6 27.b7 Bd6 28.Rc8 Kg7 29.Ba6
Bd7 30.g4 f5 31.Be1 {#r} 1-0

[Event "Olympiad URS"]
[Site "masterchessopen.com Moscow (Russia)"]
[Round "5"]
[White "Mukhin Evgeny B (UZB)"]
[Black "Tal Mikhail N (LAT)"]
[Result "0-1"]
[WhiteElo "2294"]
[BlackElo "2625"]

1.d4 Nf6 2.c4 e6 3.Nc3 Bb4 4.e3 O-O 5.Ne2 d5 6.a3 Be7 7.Nf4 c6 8.Bd3 dxc4
9.Bxc4 Nbd7 10.Nd3 c5 11.dxc5 Nxc5 12.Nxc5 Bxc5 13.Qxd8 Rxd8 14.b4 Be7 15.Bb2
Bd7 16.Ke2 Rac8 17.Bd3 Bc6 18.f3 Nd7 { ! } 19.Ne4 ( 19.b5 Ne5 20.bxc6 Nxd3
21.cxb7 Rb8 { ? } ) 19...f5 20.Nd2 { ? } ( 20.Nf2 Bb5 { ! } ) 20...Nb6 21.Bd4
( 21.b5 Rxd3 { ! } 22.bxc6 Rcd8 23.Bd4 Rxd2+ 24.Kxd2 e5 25.cxb7 exd4 26.Rhc1
dxe3+ 27.Kxe3 Rb8 ) ( 21.Nb3 Rxd3 { ! } 22.Kxd3 Bb5+ 23.Kd2 Nc4+ 24.Kc1 Nxe3+
25.Kd2 Nc4+ 26.Kc1 Nxb2+ 27.Kxb2 Bf6+ { ??+ } ) 21...e5 22.Bc5 ( 22.Bxe5 Rxd3
{ ! } 23.Kxd3 Bb5+ 24.Kd4 Na4 { ! } 25.Kd5 Kf7 26.Bd4 Bf6 { ! } 27.Bxf6 gxf6 {
! } 28.Kd6 Rc6+ 29.Kd5 Rc7 { ! } 30.Ne4 Rd7+ { ! } 31.Nd6+ Ke7 { ??+ } )
22...Rxd3 23.Kxd3 ( 23.Bxe7 Bb5 24.Bc5 Na4 25.Rhc1 Rxa3+ { ??+ } ) 23...Bb5+
24.Kc2 Na4 25.Kb3 ( 25.Kd1 Bf6 26.e4 b6 27.Be3 Rc3 28.Bf2 Nb2+ 29.Ke1 Nd3+
30.Ke2 Rc2 31.Kd1 Ba4 { ??+ } ) 25...b6 26.Nc4 bxc5 27.Nxe5 cxb4 28.Rac1 Nc5+
29.Kxb4 a6 {#R} 0-1

[Event "Ch England"]
[Site "masterchessopen.com England"]
[Round "0"]
[White "Thomas Nicholas (ENG)"]
[Black "Eley Brian (ENG)"]
[Result "1-0"]
[WhiteElo "2268"]
[BlackElo "2350"]

1.d4 Nf6 2.c4 e6 3.Nc3 Bb4 4.e3 O-O 5.Ne2 d5 6.a3 Be7 7.cxd5 exd5 8.g3 Re8
9.Bg2 c6 10.O-O Bf5 11.f3 Bd6 12.Nf4 h5 13.Re1 Bxf4 14.gxf4 Nbd7 15.e4 dxe4
16.fxe4 Bg4 17.Qc2 Nb6 18.Be3 Re7 19.f5 a5 20.h3 Bxf5 21.exf5 {#r} 1-0

[Event "Ch Canada"]
[Site "masterchessopen.com Calgary (Canada)"]
[Round "2"]
[White "Coudari Camille (CAN)"]
[Black "Amos Bruce M (CAN)"]
[Result "0-1"]
[WhiteElo "2325"]
[BlackElo "2355"]

1.d4 Nf6 2.c4 e6 3.Nc3 Bb4 4.e3 O-O 5.Ne2 d5 6.a3 Be7 7.Nf4 c6 8.b3 Nbd7 9.Be2
dxc4 10.bxc4 e5 11.Nd3 Bd6 12.O-O e4 13.Ne1 Re8 14.Bb2 Qe7 15.g3 Nf8 16.Ng2
Bh3 17.Re1 Rad8 18.a4 Ne6 19.a5 Qd7 20.d5 Ng5 21.dxc6 bxc6 22.Nf4 Qf5 23.Qa4
Bg4 24.Red1 Bxf4 25.exf4 Bxe2 {#R} 0-1

[Event "Ch URS (qual)"]
[Site "masterchessopen.com Beltsy (Moldova)"]
[Round "0"]
[White "Lerner Konstantin Z (UKR)"]
[Black "Kayumov Dmitry D (UZB)"]
[Result "1-0"]
[WhiteElo "2475"]
[BlackElo "2441"]

1.d4 Nf6 2.c4 e6 3.Nc3 Bb4 4.e3 O-O 5.Ne2 d5 6.a3 Be7 7.cxd5 exd5 8.Nf4 c6
9.Bd3 Bd6 10.O-O Re8 11.Qc2 Nbd7 12.f3 Nf8 13.Qf2 Ne6 14.Nfe2 c5 15.Bd2 cxd4
16.exd4 a6 17.Rad1 Bd7 18.Kh1 Bc6 19.f4 h6 20.Qh4 Bf8 21.f5 Nc7 22.Ng3 Ne4
23.f6 Nxd2 24.Rxd2 Re6 25.Nh5 g6 26.Qg4 Kh8 27.Rdf2 Ne8 28.Bxg6 fxg6 29.Qxe6
gxh5 30.f7 Nc7 31.Qe5+ Kh7 32.Rf6 Qd7 33.Qxh5 {#r} 1-0

[Event "Olympiad URS"]
[Site "masterchessopen.com Moscow (Russia)"]
[Round "2"]
[White "Zilberman Nathan R (KGZ)"]
[Black "Taimanov Mark E (RUS)"]
[Result "0-1"]
[WhiteElo "2330"]
[BlackElo "2386"]

1.d4 Nf6 2.c4 e6 3.Nc3 Bb4 4.e3 O-O 5.Ne2 d5 6.a3 Be7 7.cxd5 Nxd5 8.Qc2 Nd7
9.g3 Nxc3 10.bxc3 c5 11.Bg2 Qc7 12.O-O Rb8 13.c4 cxd4 14.exd4 b6 15.Bf4 Bd6
16.Bxd6 Qxd6 17.Rfc1 Ba6 18.Qa4 Bb7 19.Qxa7 Bxg2 20.Kxg2 Qc6+ 21.d5 exd5
22.Nd4 Qd6 23.Rd1 Nc5 24.Nf5 Qe5 25.Ne7+ Kh8 26.Re1 Qd6 27.Nf5 Qf6 {#R} 0-1

[Event "It"]
[Site "masterchessopen.com Stary Smokovec (Slovakia)"]
[Round "0"]
[White "Knezevic Milorad (SRB)"]
[Black "Franzen Jozef (SVK)"]
[Result "1-0"]
[WhiteElo "2212"]
[BlackElo "2302"]

1.d4 Nf6 2.c4 e6 3.Nc3 Bb4 4.e3 O-O 5.Ne2 d5 6.a3 Be7 7.Nf4 b6 8.cxd5 exd5
9.Bd3 Bb7 10.b4 Re8 11.O-O Nbd7 12.b5 Nf8 13.a4 Ng6 14.Nh5 a5 15.Nxf6+ Bxf6
16.Ba3 Be7 17.Bxe7 Qxe7 18.Ne2 Qg5 19.Rc1 Re7 20.Rc3 Nh4 21.Ng3 f5 22.Qc2 f4
23.Bxh7+ Kh8 24.exf4 Qxf4 25.Nf5 Nxf5 26.Bxf5 g5 27.Rh3+ Kg8 28.Be6+ Rxe6
29.Qh7+ Kf8 30.Rf3 Qxf3 31.gxf3 Re7 32.Qh8+ Kf7 33.Qh5+ Kg8 34.Kh1 {#r} 1-0

[Event "?"]
[Site "masterchessopen.com URS"]
[Round "0"]
[White "Gutman Lev (GER)"]
[Black "Vitolins Alvis (LAT)"]
[Result "0-1"]
[WhiteElo "2450"]
[BlackElo "2430"]

1.d4 Nf6 2.c4 e6 3.Nc3 Bb4 4.e3 O-O 5.Ne2 b5 6.cxb5 a6 7.Ng3 Bb7 8.Bd2 Bxc3
9.Bxc3 axb5 10.Bxb5 Bxg2 11.Rg1 Bc6 12.Nh5 Nxh5 13.Qxh5 Bxb5 14.Qh6 g6 15.d5
e5 16.Bxe5 f6 17.Rxg6+ hxg6 18.Qxg6+ Kh8 19.Kd2 Bd3 20.Kxd3 Qe7 21.e4 Qg7
22.Qh5+ Kg8 23.Bd4 c5 24.Bxc5 Rc8 25.f4 Na6 26.Bf2 Nb4+ 27.Ke2 Rxa2 {#R} 0-1

[Event "Ch World (team) (under 26)"]
[Site "masterchessopen.com Mexico"]
[Round "0"]
[White "Nogueiras Jesus (CUB)"]
[Black "Navarro Roberto (MEX)"]
[Result "0-1"]
[WhiteElo "2526"]
[BlackElo "2198"]

1.d4 Nf6 2.c4 e6 3.Nc3 Bb4 4.e3 O-O 5.Ne2 d5 6.a3 Be7 7.Nf4 c6 8.b4 Nbd7 9.Bb2
dxc4 10.Bxc4 e5 11.Bxf7+ Rxf7 12.Ne6 Qb6 13.Na4 Bxb4+ 14.axb4 Qxb4+ 15.Bc3 Qe7
16.Ng5 Rf8 17.O-O Nd5 18.Qb3 b5 19.Nb2 Qxg5 20.e4 Nf6 21.f4 exf4 22.exd5 Qxd5
23.Qb4 Ne4 24.Nd3 f3 25.Ne5 f2+ 26.Kh1 Bh3 {#R} 0-1